Súdnictvo a súdna prax v mestách Pentapolitany v 16. storočí /

Gespeichert in:
Bibliographische Detailangaben
1. Verfasser: Szeghyová, Blanka 1971- (VerfasserIn)
Format: Buch
Sprache:Slowakisch
Veröffentlicht: Bratislava : Vydavateľstvo Slovenskej akadémie vied, 2016
Ausgabe:1. vyd.
Schlagworte:
ISBN:9788022414999
Online-Zugang: Volltext
Tags: Tag hinzufügen
Keine Tags, Fügen Sie den ersten Tag hinzu!

MARC

LEADER 00000nam a2200000 4500
003 SK-BrCVT
005 20220621182833.0
006 aaho e 000 0
008 160906s2016 xo aho e 000 0slo#d
020 |a 9788022414999   |q (viaz.) 
035 |a CVTIDW0059319 
040 |a SNK  |b slo  |c SVKBB  |e AACR2  |d CVTI SR 
041 0 |a slo  |b eng 
044 |a xo  |c SK 
080 |a 342.565.4  |2 2008 
080 |a 94  |2 2008 
100 1 |a Szeghyová, Blanka  |d 1971-  |4 aut 
245 1 0 |a Súdnictvo a súdna prax v mestách Pentapolitany v 16. storočí /  |c Blanka Szeghyová 
250 |a 1. vyd. 
260 |a Bratislava :  |b Vydavateľstvo Slovenskej akadémie vied,  |c 2016 
300 |a 185 s. :  |b fotogr., lit., obr. ;  |c 24 cm 
653 1 |a súd 
653 1 |a súdnictvo 
653 1 |a história 
653 1 |a dejiny 
655 7 |a odborné publikácie  |2 SNKPH 
852 |a CVTISR  |b 1 
910 |b A624329 
919 |a 978-80-224-1499-9 
959 |a 02 
974 |a katarina.repata  |f Knihy 
992 |a AMG 
999 |c 261242  |d 261242